Statistics for Most ATTRACTIVE Presidents

Click here to take the quiz!

General Stats

  • This quiz has been taken 384 times
  • The average score is 5 of 10

Answer Stats

RankPresident% Correct
2John F. Kennedy
96%
8Bill Clinton
80%
9George W. Bush
74%
6Franklin Pierce
47%
10Ulysses S. Grant
45%
7Calvin Coolidge
40%
3James Monroe
38%
1Warren Harding
37%
5John Tyler
29%
4James Buchanan
28%

Score Distribution

Percentile by Number Answered

Percent of People with Each Score

Your Score History

You have not taken this quiz